<?xml version="1.0" encoding="UTF-8"?><?xml-stylesheet type="text/xsl" href="static/style.xsl"?><OAI-PMH xmlns="http://www.openarchives.org/OAI/2.0/" xmlns:xsi="http://www.w3.org/2001/XMLSchema-instance" xsi:schemaLocation="http://www.openarchives.org/OAI/2.0/ http://www.openarchives.org/OAI/2.0/OAI-PMH.xsd"><responseDate>2026-04-14T04:14:18Z</responseDate><request verb="GetRecord" identifier="oai:www.recercat.cat:2072/477071" metadataPrefix="marc">https://recercat.cat/oai/request</request><GetRecord><record><header><identifier>oai:recercat.cat:2072/477071</identifier><datestamp>2025-04-03T11:03:27Z</datestamp><setSpec>com_2072_98</setSpec><setSpec>col_2072_378192</setSpec></header><metadata><record xmlns="http://www.loc.gov/MARC21/slim" xmlns:dcterms="http://purl.org/dc/terms/" xmlns:xsi="http://www.w3.org/2001/XMLSchema-instance" xmlns:doc="http://www.lyncode.com/xoai" xsi:schemaLocation="http://www.loc.gov/MARC21/slim http://www.loc.gov/standards/marcxml/schema/MARC21slim.xsd">
   <leader>00925njm 22002777a 4500</leader>
   <datafield ind2=" " ind1=" " tag="042">
      <subfield code="a">dc</subfield>
   </datafield>
   <datafield ind2=" " ind1=" " tag="720">
      <subfield code="a">Rodríguez Álvarez, Joaquín David</subfield>
      <subfield code="e">author</subfield>
   </datafield>
   <datafield ind2=" " ind1=" " tag="260">
      <subfield code="c">2022</subfield>
   </datafield>
   <datafield ind2=" " ind1=" " tag="520">
      <subfield code="a">El presente artículo tiene como objetivo aproximar al lector al enorme riesgo que representa la militarización de la inteligencia artificial. Así como los esfuerzos que, desde la sociedad civil, y a través de la Campaña Stop Killer Robots, se están llevando a cabo con el fin evitar el advenimiento de un nuevo tipo de armamento, el autónomo, que tiene el potencial de transformar no solo la forma en la que percibimos el conflicto sino su propia naturaleza</subfield>
   </datafield>
   <datafield ind2=" " ind1=" " tag="520">
      <subfield code="a">This article aims to bring the reader closer to the enormous risk posed by the militarization of Artificial Intelligence. As well as the efforts that, from the civil society, and through the Stop Killer Robots Campaign, are being carried out in order to prevent the advent of a new type of weaponry, the autonomous, which has the potential to transform not only the way in which we perceive the conflict but its very nature</subfield>
   </datafield>
   <datafield tag="653" ind2=" " ind1=" ">
      <subfield code="a">Inteligencia artificial</subfield>
   </datafield>
   <datafield tag="653" ind2=" " ind1=" ">
      <subfield code="a">Militarismo</subfield>
   </datafield>
   <datafield tag="653" ind2=" " ind1=" ">
      <subfield code="a">Seguridad</subfield>
   </datafield>
   <datafield tag="653" ind2=" " ind1=" ">
      <subfield code="a">Derecho</subfield>
   </datafield>
   <datafield tag="653" ind2=" " ind1=" ">
      <subfield code="a">ODS 16: Paz, justicia e instituciones sólidas</subfield>
   </datafield>
   <datafield ind2="0" ind1="0" tag="245">
      <subfield code="a">La sociedad civil ante el desafío del armamento letal autónomo : la campaña Stop Killer Robots</subfield>
   </datafield>
</record></metadata></record></GetRecord></OAI-PMH>